ბათუმის შოთა რუსთაველის სახელმწიფო უნივერსიტეტის ბიბლიოთეკა

მაცნე მოვიდა შატილსა (ბიბ.ჩანაწერი № 48784)

000 -LEADER
fixed length control field 00767nam a2200217Ia 4500
001 - CONTROL NUMBER
control field 15686
003 - CONTROL NUMBER IDENTIFIER
control field GE_BSU
008 - FIXED-LENGTH DATA ELEMENTS--GENERAL INFORMATION
fixed length control field 181216s||||||||xx |||||||||||||| ||und||
040 ## - CATALOGING SOURCE
Transcribing agency GE_BSU
080 ## - UNIVERSAL DECIMAL CLASSIFICATION NUMBER
Universal Decimal Classification number 821.353.1-4
100 ## - MAIN ENTRY--PERSONAL NAME
Personal name ჩხაიძე, ავთანდილ
245 ## - TITLE STATEMENT
Title მაცნე მოვიდა შატილსა
245 ## - TITLE STATEMENT
Statement of responsibility, etc. რედ.მ.ჯაფარიძე. მხატვ.ა.თოდრია
260 ## - PUBLICATION, DISTRIBUTION, ETC.
Place of publication, distribution, etc. თბილისი
260 ## - PUBLICATION, DISTRIBUTION, ETC.
Name of publisher, distributor, etc. მერანი
260 ## - PUBLICATION, DISTRIBUTION, ETC.
Date of publication, distribution, etc. 1983
300 ## - PHYSICAL DESCRIPTION
Extent 88გვ. ; 16სმ
653 ## - INDEX TERM--UNCONTROLLED
Uncontrolled term კომუნისტური მშენებლობა საქართველოში;
653 ## - INDEX TERM--UNCONTROLLED
Uncontrolled term მაცნე მოვიდა შატილსა
942 ## - ADDED ENTRY ELEMENTS (KOHA)
Koha item type წიგნი
ეგზემპლარები
Withdrawn status Lost status Damaged status Not for loan Date acquired Barcode Date last seen Price effective from Koha item type
        2018-12-17 38652 2018-12-17 2018-12-17 წიგნი